| 000 | 00916cam a22002775a 4500 | ||
|---|---|---|---|
| 001 | 15030921 | ||
| 005 | 20151214133616.0 | ||
| 008 | 071002t2007 gw a frb 001 0 eng d | ||
| 020 | _a9783527406791 (alk. paper) | ||
| 040 |
_aDLC _cDLC _dDLC _dEG-ScBUE _beng |
||
| 082 | 0 | 4 |
_a621.4831 _222 _bSTA |
| 100 | 1 |
_aStacey, Weston M. _938907 |
|
| 245 | 1 | 0 |
_aNuclear reactor physics / _cWeston M. Stacey. |
| 250 | _a2nd ed., completely rev. and enlarged. | ||
| 260 |
_aWeinheim : _bWiley-VCH Verlag GmbH & Co. KGaA, _cc.2007. |
||
| 300 |
_axxviii, 706 p. : _bill. ; _c25 cm. |
||
| 500 | _aIndex : p. 697-706. | ||
| 504 | _aIncludes bibliographical references. | ||
| 650 | 0 |
_aNuclear engineering. _2BUEsh |
|
| 650 | 0 |
_aNuclear reactors. _2BUEsh _917807 |
|
| 650 | 0 |
_aNuclear fission. _2BUEsh |
|
| 650 | 7 |
_aNuclear physics. _2BUEsh _96844 |
|
| 651 | _2BUEsh | ||
| 653 |
_bENGGEN _cAugust2015 _cDecember2015 |
||
| 942 | _2ddc | ||
| 999 |
_c20774 _d20746 |
||